New Zealand Islands by Hint - Statistics

General Stats
  • This quiz has been taken 44 times
  • The average score is 9 of 20
Answer Stats
Hint Island % Correct
Home to Auckland, Wellington, and Rotorua as well as Lake Taupō North Island
100%
Biggest island by area, jokingly referred to as "the Mainland" South Island
100%
Known to the Māori as "Rakiura", this is the third-largest island Stewart Island
83%
Island near Auckland, famous for its wines and its microclimate Waiheke Island
69%
Outlying island group which forms the easternmost archipelago of New Zealand Chatham Islands
63%
New Zealand's most active volcano, located in the Bay of Plenty near Whakatāne White Island
63%
Country in free association consisting of one island with 1,600 people Niue
51%
Biggest island of the Cook Islands, a country in free association with New Zealand Rarotonga
46%
Island west of Paraparaumu or Waikanae. Namesake of an ice cream company Kapiti Island
43%
Youngest of Auckland's 53 volcanoes that erupted about 600 years ago Rangitoto Island
40%
Also known as "Aotea", this big island is known for its low amount of light pollution Great Barrier Island
37%
Isolated island group 360 km south of any civilization named after a British lord Auckland Islands
29%
Island in the Marlborough Sounds named after a French explorer. Separated by the mainland via French Pass, a strait with the fastest tidal flows D'Urville Island
29%
Dependent territory officially referred to as a nation. Located close to American Samoa Tokelau
29%
Uninhabited island on the antipodal side of London, England Antipodes Island
23%
Stretched island between Waihi Beach and Mount Maunganui Matakana Island
20%
Island group north of Cape Reinga that was sighted by Abel Tasman on Epiphany Day, 1643 Three Kings Islands
20%
Honeymoon atoll of the Cook Islands famous for its "One Foot Island" beaches Aitutaki
17%
Bird sanctuary in the Hauraki Gulf home to tīeke and kiwi as well as reptiles such as tuatara Tiritiri Matangi Island
14%
Predator-free island used to raise kākāpō. Its most famous resident is a parrot called Sirocco Codfish Island
9%
No matching quizzes found
Score Distribution
Percent of People with Each Score
Percentile by Number Answered
Your Score History
You have not taken this quiz